000
00344pam a2200157a 44500
008
230515b2010 xxu||||| |||| 00| 0 eng d
020
_a
NULL
041
_a
ENGLISH
082
_a
0
100
_a
RAMAMRUTHAM
245
_a
STRENGTH OF MATERIALS
250
_a
0
260
_a
NEW DELHI
_b
DANPAT RAI
_c
2010
300
_a
1280P
650
_a
NULL
999
_c
599154
_d
599154